[Event "Prague Summer op-B 8th"]
[Site "Prague"]
[Date "2021.08.12"]
[Round "8"]
[White "Mihal, Sergej"]
[Black "Karlsson, Henrik"]
[Result "1-0"]
[WhiteElo "1877"]
[BlackElo "1648"]
[PlyCount "107"]
[EventDate "2021.08.06"]
[EventType "swiss"]
[EventRounds "9"]
[EventCountry "CZE"]
[SourceTitle "EXT 2022"]
[Source "ChessBase"]
[SourceDate "2021.10.06"]
[SourceVersion "1"]
[SourceVersionDate "2021.10.06"]
[SourceQuality "1"]

1. e4 e6 2. d4 d5 3. exd5 exd5 4. Bd3 Nc6 5. Ne2 Bg4 6. f3 Be6 7. Bf4 Bd6 8. c3 Nge7 9. 0-0 Ng6 10. Qd2 Nxf4 11. Nxf4 Qh4 12. g3 Qh6 13. Nxe6 Qxd2 14. Nxd2 fxe6 15. Bb5 Kd7 16. Rae1 a6 17. Bxc6+ bxc6 18. f4 c5 19. dxc5 Bxc5+ 20. Kg2 g6 21. Re2 Rhe8 22. Rfe1 Rab8 23. b3 Bf8 24. Rd1 Kc6 25. c4 Bb4 26. Nf3 Kd6 27. Ne5 c6 28. Kf3 Bc3 29. c5+ Kc7 30. Nf7 Re7 31. Nd6 Bb4 32. Rc1 Bxc5 33. Rxc5 Kxd6 34. Rec2 Rc7 35. h4 Rb5 36. R5c3 c5 37. h5 d4 38. Rc4 a5 39. hxg6 hxg6 40. Rh2 Rb4 41. Rh6 Rxc4 42. bxc4 Rg7 43. Ke4 Kc7 44. Ke5 g5 45. Kf6 Rd7 46. fxg5 d3 47. Rh1 Rd6 48. g6 e5+ 49. Kf5 d2 50. g7 Rd8 51. Rd1 e4 52. Rxd2 Rxd2 53. g8Q e3 54. Qf7+ 1-0